<?xml version="1.0" encoding="UTF-8"?>
<record
    xmlns:xsi="http://www.w3.org/2001/XMLSchema-instance"
    xsi:schemaLocation="http://www.loc.gov/MARC21/slim http://www.loc.gov/standards/marcxml/schema/MARC21slim.xsd"
    xmlns="http://www.loc.gov/MARC21/slim">

  <leader>00475cam a2200181ua 4500</leader>
  <controlfield tag="001">10791</controlfield>
  <controlfield tag="008">190403n        ii  |||gr||||Z||||||eng</controlfield>
  <datafield tag="020" ind1=" " ind2=" ">
    <subfield code="a">9788183334419</subfield>
  </datafield>
  <datafield tag="040" ind1=" " ind2=" ">
    <subfield code="c">MAIN</subfield>
  </datafield>
  <datafield tag="082" ind1=" " ind2=" ">
    <subfield code="a">005</subfield>
  </datafield>
  <datafield tag="100" ind1=" " ind2=" ">
    <subfield code="a">Ivan Bayross,</subfield>
    <subfield code="e">Author.</subfield>
  </datafield>
  <datafield tag="245" ind1=" " ind2=" ">
    <subfield code="a">HTML5 and CSS3 : </subfield>
    <subfield code="b">made simple / </subfield>
    <subfield code="c">by Ivan Bayross . </subfield>
  </datafield>
  <datafield tag="250" ind1=" " ind2=" ">
    <subfield code="a">1st rep.</subfield>
  </datafield>
  <datafield tag="260" ind1=" " ind2=" ">
    <subfield code="a">New Delhi:</subfield>
    <subfield code="b">BPB publications,</subfield>
    <subfield code="c">2016.</subfield>
  </datafield>
  <datafield tag="300" ind1=" " ind2=" ">
    <subfield code="a">301p.</subfield>
  </datafield>
  <datafield tag="653" ind1=" " ind2=" ">
    <subfield code="a">Computer programming, programs &amp; data</subfield>
  </datafield>
  <datafield tag="942" ind1=" " ind2=" ">
    <subfield code="c">BK</subfield>
  </datafield>
  <datafield tag="999" ind1=" " ind2=" ">
    <subfield code="c">9753</subfield>
    <subfield code="d">9753</subfield>
  </datafield>
  <datafield tag="952" ind1=" " ind2=" ">
    <subfield code="0">0</subfield>
    <subfield code="1">0</subfield>
    <subfield code="4">0</subfield>
    <subfield code="7">0</subfield>
    <subfield code="a">MAIN</subfield>
    <subfield code="b">MAIN</subfield>
    <subfield code="c">GEN</subfield>
    <subfield code="d">2020-09-19</subfield>
    <subfield code="l">8</subfield>
    <subfield code="o">005HTML5 and CSS3 | BAY</subfield>
    <subfield code="p">24717</subfield>
    <subfield code="r">2026-03-05 06:12:24</subfield>
    <subfield code="s">2026-02-26</subfield>
    <subfield code="t">1</subfield>
    <subfield code="w">2020-09-19</subfield>
    <subfield code="y">BK</subfield>
  </datafield>
  <datafield tag="952" ind1=" " ind2=" ">
    <subfield code="0">0</subfield>
    <subfield code="1">0</subfield>
    <subfield code="4">0</subfield>
    <subfield code="7">0</subfield>
    <subfield code="a">MAIN</subfield>
    <subfield code="b">MAIN</subfield>
    <subfield code="c">GEN</subfield>
    <subfield code="d">2020-09-19</subfield>
    <subfield code="l">1</subfield>
    <subfield code="o">005HTML5 and CSS3 | BAY</subfield>
    <subfield code="p">24718</subfield>
    <subfield code="r">2021-07-30 00:00:00</subfield>
    <subfield code="s">2021-07-30</subfield>
    <subfield code="t">2</subfield>
    <subfield code="w">2020-09-19</subfield>
    <subfield code="y">BK</subfield>
  </datafield>
  <datafield tag="952" ind1=" " ind2=" ">
    <subfield code="0">0</subfield>
    <subfield code="1">0</subfield>
    <subfield code="4">0</subfield>
    <subfield code="7">0</subfield>
    <subfield code="a">MAIN</subfield>
    <subfield code="b">MAIN</subfield>
    <subfield code="c">GEN</subfield>
    <subfield code="d">2020-09-19</subfield>
    <subfield code="l">4</subfield>
    <subfield code="o">005HTML5 and CSS3 | BAY</subfield>
    <subfield code="p">24719</subfield>
    <subfield code="r">2023-02-25 00:00:00</subfield>
    <subfield code="s">2023-02-25</subfield>
    <subfield code="t">3</subfield>
    <subfield code="w">2020-09-19</subfield>
    <subfield code="y">BK</subfield>
  </datafield>
</record>
